00443nam a2200181Ia 4500008004100000020001800041041000800059082001600067100001300083245004300096250001200139260004500151300000900196440000600205500000800211650002900219700001300248230125s9999 xx 000 0 und d a9780199454716 aeng a302.35bKHA aKhanna S aUnderstanding Organizational Behaviour a4th Ed. c2017bOxford University PressaNew Delhi a687p v5 aOB; aOrganizational Behaviour aKhanna S